000 00281nam a2200109Ia 4500
008 200302s9999 xx 000 0 und d
100 _aRichard John
245 _aRobert Adam Archtiects -- New Classicists
260 _bImages Publishing, Austraila
260 _c2010
300 _a260 P
999 _c4840
_d4840